000 00464nam a2200181Ia 4500
005 20250508155216.0
008 008 250505s9999 xx 000 0 eng d
037 _aBooks to be hide in OPAC
040 _aFEDL
_beng
_cFEDL
041 _aeng
_2eng
084 _a370, MOR/O
_qFEDL
100 _aMorris Ben
245 0 _aStudy and practic of education
260 _c1958
300 _a28p.
942 _cHB
_h370, MOR/O
999 _c1355234
_d1355234